| 000 | 00418pab a2200145 454500 | ||
|---|---|---|---|
| 008 | 180718b1988 xxu||||| |||| 00| 0 eng d | ||
| 100 | _aGhosh, A. D. Chakravarti and A. Sinha | ||
| 245 | _aimpact of rural incomes on the market for urban manufactures | ||
| 260 | _c1988 | ||
| 300 | _a2290-3 | ||
| 362 | _a29 Oct. | ||
| 650 | _aAgricultural Marketing - India | ||
| 773 | _aEconomic and Political Weekly | ||
| 909 | _a3553 | ||
| 999 |
_c3553 _d3553 |
||